000 00500nam a2200169Ia 4500
008 090201s9999 xx 000 0 und d
010 _aKPL-15024
040 _bमराठी
041 _aमराठी
082 _a35943
_b15024
100 _aवसंत देशमुख
245 _aकारंजं
_cवसंत देशमुख
260 _c2004
_bपरचुरे प्रकाशन
300 _a124
_bमोठा
600 _aकारंजं
942 _cBOOK
999 _c233985
_d233985